| 000 | 00000nas 2200000zi 4500 |
| 001 | 9.874267 |
| 003 | CaOODSP |
| 005 | 20221107164139 |
| 006 | m go d f |
| 007 | cr ||||||||||| |
| 008 | 150406d2001200uoncar p oss f0 b0fre|d |
| 040 | |aCaOODSP|bfre|erda|cCaOODSP |
| 043 | |an-cn-on |
| 086 | 1 |aNH12-85/1F-PDF |
| 245 | 00|aRapport sur les logements locatifs. |p[Sudbury]. |
| 264 | 1|a[Ottawa] : |bSCHL = CMHC. |
| 310 | |aAnnuel |
| 336 | |atexte|btxt|2rdacontent/fre |
| 337 | |ainformatique|bc|2rdamedia/fre |
| 338 | |aressource en ligne|bcr|2rdacarrier/fre |
| 362 | 1 |aParaît depuis enquête d'octobre 2001 ; ne paraît plus après 200-? |
| 500 | |aTitre du départ. |
| 500 | |aPublié aussi en anglais sous le titre: Rental market report. Sudbury. |
| 692 | 07|2gccst|aLogement |
| 692 | 07|2gccst|aTaux |
| 710 | 2 |aSociété canadienne d'hypothèques et de logement. |
| 775 | 08|tRental market report. |w(CaOODSP)9.504578 |
| 785 | 00|tRapport sur le marché locatif. |w(CaOODSP)9.500993 |